Catálogo

DIALOGOS SOCRATICOS : (Registro nro. 53576)

Detalles MARC
000 -LEADER
fixed length control field 00506nam a2200169 a 4500
001 - CONTROL NUMBER
control field 53576
005 - DATE AND TIME OF LATEST TRANSACTION
control field 20180714043907.0
008 - FIXED-LENGTH DATA ELEMENTS--GENERAL INFORMATION
fixed length control field 140415s1957 ag 000 0 spa d
041 ## - LANGUAGE CODE
Language code of text/sound track or separate title spa
082 ## - DEWEY DECIMAL CLASSIFICATION NUMBER
Classification number 880
Item number CLA
245 00 - TITLE STATEMENT
Title DIALOGOS SOCRATICOS :
Remainder of title APOLOGIA CRITON EUTIFRON FEDON FEDRO BANQUETE MENON
260 ## - PUBLICATION, DISTRIBUTION, ETC.
Place of publication, distribution, etc. ARGENTINA :
Name of publisher, distributor, etc. EXITO,
Date of publication, distribution, etc. 1957
300 ## - PHYSICAL DESCRIPTION
Extent 373
Dimensions 13.6 x 3.3 x 20.7
490 ## - SERIES STATEMENT
Series statement CLASICOS JACKSON
520 ## - SUMMARY, ETC.
Summary, etc. DIALOGOS SOCRATICOS DE PLATON
650 14 - SUBJECT ADDED ENTRY--TOPICAL TERM
Topical term or geographic name entry element FILOSOFOS GRIEGOS
Existencias
Withdrawn status Lost status Source of classification or shelving scheme Damaged status Not for loan Collection code Home library Current library Shelving location Date acquired Source of acquisition Inventory number Total Checkouts Full call number Barcode Date last seen Date last checked out Price effective from Koha item type
    Dewey Decimal Classification     General Biblioteca Karol Wojtyla Biblioteca Karol Wojtyla Sala general 03/12/2013 Compra 151000000000000000034916 1 880 CLA 79761 05/01/2026 11/09/2018 03/12/2013 Libro